00938nam a2200217Ia 4500003000400000005001700004008004100021020001800062040000700080041000800087082001900095100004300114245015000157260003700307300001700344365001600361906017600377942001200553999001900565952013600584OSt20230427103557.0210423s2003 xx 000 0 und d a9780393971668 cAL aeng a820.9 NORP223 aRAFFEL (Burton);BROOKS (Peter).993734 aNorton critical edition Honore de Balzac pere goriot: a new translation responses contemporaries and other novelists twentieth century criticism. aNew YorkbW W Norton & Co.c2003 axiii,370bPB b857.93cINR aBalzac ; century ; contemporaries ; critical ; criticism. ; de ; edition ; goriot: ; Honore ; new ; Norton ; novelists ; other ; pere ; responses ; translation ; twentieth 2ddccBK c161762d161762 001040708MAENGaSACPGbSACPGd2013-11-15eIntact Bookhouseg857.93l0o820.9 NORPpPG008255r2022-08-24 00:00:00w2021-04-26yBK